[Event "Titled Tuesday intern op 25th Feb Early"]
[Site "Chess.com INT"]
[Date "2025.02.25"]
[Round "11"]
[White "Quirke, Jeffrey"]
[Black "Zvereva, Marija"]
[Result "0-1"]
[WhiteElo "2036"]
[BlackElo "2001"]
[PlyCount "74"]
[EventDate "2025.02.25"]
[EventType "swiss (blitz)"]
[EventRounds "11"]
[EventCountry "USA"]
[SourceTitle "CB10_2025"]
[SourceDate "2025.03.05"]
[SourceVersion "1"]
[SourceVersionDate "2025.03.05"]
[SourceQuality "1"]

1. e4 c5 2. Nf3 Nc6 3. Bc4 e6 4. 0-0 Nf6 5. d3 d5 6. exd5 exd5 7. Bb3 Be7 8. h3 0-0 9. d4 c4 10. Ba4 Qc7 11. c3 Bf5 12. Re1 Rfe8 13. Nbd2 a6 14. Nf1 b5 15. Bc2 Bxc2 16. Qxc2 b4 17. Ne3 a5 18. Bd2 Qb6 19. Nf5 Bf8 20. Ng3 a4 21. Bg5 b3 22. axb3 cxb3 23. Qd3 Ne7 24. Bxf6 Qxf6 25. Ne5 Ng6 26. Nxg6 Rxe1+ 27. Rxe1 hxg6 28. Nf1 a3 29. bxa3 Bxa3 30. Rb1 b2 31. Ne3 Qc6 32. c4 dxc4 33. Qxc4 Qe4 34. Qc2 Qxd4 35. Nc4 Rc8 36. Nxa3 Rxc2 37. Nxc2 Qc3 0-1

[Event "New York President's Day op"]
[Site "New York"]
[Date "2025.02.16"]
[Round "7"]
[White "Liu, Steven1"]
[Black "Quirke, Jeffrey"]
[Result "1/2-1/2"]
[WhiteElo "1970"]
[BlackElo "2036"]
[PlyCount "94"]
[EventDate "2025.02.14"]
[EventType "swiss"]
[EventRounds "9"]
[EventCountry "USA"]
[SourceTitle "CB08_2025"]
[SourceDate "2025.02.19"]
[SourceVersion "1"]
[SourceVersionDate "2025.02.19"]
[SourceQuality "1"]

1. d4 d5 2. c4 e6 3. Nc3 Nf6 4. Nf3 Nbd7 5. Bg5 c6 6. e3 h6 7. Bh4 g5 8. Bg3 Nh5 9. Be5 Nhf6 10. Rc1 Nxe5 11. Nxe5 Nd7 12. Nxd7 Bxd7 13. Bd3 Bg7 14. Qe2 Qe7 15. Qd2 e5 16. dxe5 dxc4 17. Bxc4 Bxe5 18. 0-0 0-0-0 19. f4 Bc7 20. Kh1 Kb8 21. Rce1 Qb4 22. Bb3 Be6 23. Qc2 Bxb3 24. axb3 Rde8 25. Re2 Re7 26. g3 Rhe8 27. Nd1 gxf4 28. gxf4 Re4 29. Qc3 Qxc3 30. bxc3 Rxf4 31. Rxf4 Bxf4 32. Rf2 Bg5 33. Rxf7 Bxe3 34. Rf3 Bg5 35. Kg2 a5 36. Nf2 Re3 37. Rxe3 Bxe3 38. Ne4 b5 39. Kf3 Bg1 40. h3 a4 41. bxa4 bxa4 42. Ke2 Kc7 43. Kd3 Kb6 44. Kc4 Ka5 45. Nd2 Be3 46. Nb1 Bc1 47. Kc5 Be3+ 1/2-1/2

[Event "New York President's Day op"]
[Site "New York"]
[Date "2025.02.16"]
[Round "6"]
[White "Quirke, Jeffrey"]
[Black "Wilson, Ronen"]
[Result "1/2-1/2"]
[WhiteElo "2036"]
[BlackElo "2227"]
[PlyCount "46"]
[EventDate "2025.02.14"]
[EventType "swiss"]
[EventRounds "9"]
[EventCountry "USA"]
[SourceTitle "CB08_2025"]
[SourceDate "2025.02.19"]
[SourceVersion "1"]
[SourceVersionDate "2025.02.19"]
[SourceQuality "1"]

1. d4 d5 2. c4 e6 3. Nc3 Nf6 4. cxd5 exd5 5. Bf4 c6 6. e3 Bf5 7. Nge2 Qb6 8. Qd2 Nbd7 9. f3 h5 10. Ng3 Bg6 11. h4 Be7 12. 0-0-0 0-0-0 13. Bd3 Bxd3 14. Qxd3 g6 15. Kb1 Nf8 16. Nge2 Ne6 17. Be5 Rhg8 18. Nf4 Nxf4 19. Bxf4 Rge8 20. Rc1 Bd6 21. Bg5 Be7 22. Bf4 Bd6 23. Bg5 Be7 1/2-1/2

[Event "New York President's Day op"]
[Site "New York"]
[Date "2025.02.15"]
[Round "4"]
[White "Swaminathan, Pranav"]
[Black "Quirke, Jeffrey"]
[Result "1-0"]
[WhiteElo "2069"]
[BlackElo "2036"]
[PlyCount "115"]
[EventDate "2025.02.14"]
[EventType "swiss"]
[EventRounds "9"]
[EventCountry "USA"]
[SourceTitle "CB08_2025"]
[SourceDate "2025.02.19"]
[SourceVersion "1"]
[SourceVersionDate "2025.02.19"]
[SourceQuality "1"]

1. d4 d5 2. c4 e6 3. Nf3 Nf6 4. g3 Be7 5. Bg2 0-0 6. 0-0 a5 7. Bf4 c6 8. Qc2 b6 9. Nbd2 Bb7 10. e4 Na6 11. Rfd1 Rc8 12. a3 h6 13. e5 Nd7 14. cxd5 cxd5 15. Qd3 Qc7 16. Nf1 Qc2 17. Qb5 Qc6 18. Qe2 b5 19. Rac1 Qb6 20. h4 Rxc1 21. Rxc1 Rc8 22. Rxc8+ Bxc8 23. h5 Nf8 24. N1h2 Nh7 25. Qe3 Qd8 26. Bf1 Nc7 27. Bd3 Ng5 28. Bxg5 Bxg5 29. Nxg5 Qxg5 30. f4 Qe7 31. Bc2 Kf8 32. Qd3 Ke8 33. Qh7 Qf8 34. g4 b4 35. a4 b3 36. Bxb3 Qb4 37. Qd3 Qe1+ 38. Kg2 Ba6 39. Qc3 Qe4+ 40. Kg3 Qh1 41. Qe3 Qb1 42. g5 Qxb2 43. Ng4 Be2 44. gxh6 gxh6 45. Nf6+ Ke7 46. Kh4 Bc4 47. Bd1 Qh2+ 48. Kg4 Ne8 49. Ng8+ Kf8 50. Nxh6 Ng7 51. Kg5 Qg2+ 52. Ng4 Nf5 53. Qa3+ Kg7 54. Qf3 Qg1 55. Bc2 Nh6 56. Kh4 Qxd4 57. Nxh6 Kxh6 58. Qg3 1-0

[Event "Titled Tuesday intern op 04th Feb Early"]
[Site "Chess.com INT"]
[Date "2025.02.04"]
[Round "2"]
[White "Hayrapetyan, Edgar"]
[Black "Quirke, Jeffrey"]
[Result "1-0"]
[WhiteElo "2137"]
[BlackElo "2036"]
[PlyCount "55"]
[EventDate "2025.02.04"]
[EventType "swiss (blitz)"]
[EventRounds "11"]
[EventCountry "USA"]
[SourceTitle "CB07_2025"]
[SourceDate "2025.02.12"]
[SourceVersion "1"]
[SourceVersionDate "2025.02.12"]
[SourceQuality "1"]

1. e4 c5 2. Nc3 Nc6 3. Bb5 g6 4. Bxc6 bxc6 5. d3 Bg7 6. Nge2 d6 7. Bd2 Nf6 8. Qc1 0-0 9. 0-0 e5 10. f4 exf4 11. Bxf4 Ng4 12. h3 Ne5 13. b3 Be6 14. Qe3 Qd7 15. Bh6 f6 16. Bxg7 Kxg7 17. Rf4 Rae8 18. Raf1 f5 19. Qf2 Qe7 20. Ng3 fxe4 21. Ncxe4 Rxf4 22. Qxf4 h6 23. Nxc5 Bg8 24. Nce4 d5 25. Nf6 Rf8 26. Nfh5+ gxh5 27. Qxf8+ Qxf8 28. Nxh5+ 1-0

[Event "Titled Tuesday intern op 04th Feb Early"]
[Site "Chess.com INT"]
[Date "2025.02.04"]
[Round "11"]
[White "Quirke, Jeffrey"]
[Black "Chaulagain, Purushottam"]
[Result "0-1"]
[WhiteElo "2036"]
[BlackElo "1939"]
[PlyCount "52"]
[EventDate "2025.02.04"]
[EventType "swiss (blitz)"]
[EventRounds "11"]
[EventCountry "USA"]
[SourceTitle "CB07_2025"]
[SourceDate "2025.02.12"]
[SourceVersion "1"]
[SourceVersionDate "2025.02.12"]
[SourceQuality "1"]

1. e4 d5 2. exd5 Qxd5 3. Nc3 Qa5 4. Bc4 Nf6 5. d3 g6 6. Nge2 Bg7 7. 0-0 0-0 8. Ng3 c6 9. Re1 b5 10. Bb3 Qc7 11. h3 a5 12. a4 b4 13. Nce4 Nxe4 14. Nxe4 Nd7 15. Ng5 Nc5 16. Bc4 h6 17. Nxf7 Rxf7 18. Bxf7+ Kxf7 19. Qf3+ Kg8 20. d4 Ne6 21. d5 Nd4 22. Qe4 Bf5 23. Qxe7 Qxe7 24. Rxe7 Nxc2 25. Rb1 Kf8 26. d6 Nd4 0-1

[Event "Titled Tuesday intern op 04th Feb Early"]
[Site "Chess.com INT"]
[Date "2025.02.04"]
[Round "3"]
[White "Quirke, Jeffrey"]
[Black "Iljin, Timofey"]
[Result "0-1"]
[WhiteElo "2036"]
[BlackElo "2253"]
[PlyCount "46"]
[EventDate "2025.02.04"]
[EventType "swiss (blitz)"]
[EventRounds "11"]
[EventCountry "USA"]
[SourceTitle "CB07_2025"]
[SourceDate "2025.02.12"]
[SourceVersion "1"]
[SourceVersionDate "2025.02.12"]
[SourceQuality "1"]

1. e4 e6 2. d4 d5 3. exd5 exd5 4. Bf4 Nc6 5. Qd2 Nf6 6. Nc3 Bb4 7. f3 0-0 8. 0-0-0 Bf5 9. g4 Bg6 10. h4 h5 11. Bd3 Na5 12. Bg5 Qd6 13. Nh3 hxg4 14. Nf4 gxf3 15. h5 Bxd3 16. Qxd3 Bxc3 17. h6 Ne4 18. hxg7 Rfe8 19. bxc3 Qa3+ 20. Kb1 Nc4 21. Qxc4 dxc4 22. Nd5 Nxg5 23. Rdg1 f2 0-1

[Event "Titled Tuesday intern op 04th Feb Late"]
[Site "Chess.com INT"]
[Date "2025.02.04"]
[Round "7"]
[White "Quirke, Jeffrey"]
[Black "Mangialardo, Tiago Carvalho"]
[Result "0-1"]
[WhiteElo "2036"]
[BlackElo "1979"]
[PlyCount "36"]
[EventDate "2025.02.04"]
[EventType "swiss (blitz)"]
[EventRounds "11"]
[EventCountry "USA"]
[SourceTitle "CB07_2025"]
[SourceDate "2025.02.12"]
[SourceVersion "1"]
[SourceVersionDate "2025.02.12"]
[SourceQuality "1"]

1. e4 e5 2. d4 exd4 3. Qxd4 Nc6 4. Qe3 Nf6 5. Bd2 Be7 6. Nc3 0-0 7. 0-0-0 d6 8. h3 Be6 9. f4 d5 10. e5 d4 11. Qe1 dxc3 12. exf6 cxd2+ 13. Rxd2 Bd6 14. fxg7 Re8 15. Qf2 Qf6 16. g3 Ba3 17. Ne2 Qxb2+ 18. Kd1 Qb1+ 0-1

[Event "Titled Tuesday intern op 14th Jan Early"]
[Site "Chess.com INT"]
[Date "2025.01.14"]
[Round "2"]
[White "Quirke, Jeffrey"]
[Black "Breuil, Tristan"]
[Result "1-0"]
[WhiteElo "2036"]
[BlackElo "2333"]
[PlyCount "87"]
[EventDate "2025.01.14"]
[EventType "swiss (blitz)"]
[EventRounds "11"]
[EventCountry "USA"]
[SourceTitle "CB04_2025"]
[SourceDate "2025.01.22"]
[SourceVersion "1"]
[SourceVersionDate "2025.01.22"]
[SourceQuality "1"]

1. e4 c5 2. Nf3 Nc6 3. Bc4 e6 4. 0-0 d5 5. exd5 exd5 6. Re1+ Be6 7. Bb3 Be7 8. d4 Nf6 9. Bg5 0-0 10. c3 cxd4 11. Nxd4 Nxd4 12. Qxd4 h6 13. Bh4 Qd7 14. Nd2 Rad8 15. Nf3 Ne4 16. Bxe7 Qxe7 17. Rad1 Rfe8 18. h3 b6 19. Bc2 Bf5 20. Ba4 Rf8 21. Qe3 Qf6 22. Nd4 Bg6 23. f3 Nd6 24. Bb3 Nc4 25. Bxc4 dxc4 26. Qe5 Qd6 27. Qxd6 Rxd6 28. Re7 a5 29. Rde1 Kh7 30. Rb7 a4 31. a3 Ra8 32. Ree7 Ra5 33. Kf2 Rc5 34. g4 h5 35. f4 hxg4 36. hxg4 f5 37. Rxg7+ Kh6 38. g5+ Kh5 39. Kg3 Rcd5 40. Rg8 Bf7 41. Rh8+ Kg6 42. Rh6+ Kg7 43. Rxd6 Rxd6 44. Nxf5+ 1-0

[Event "Titled Tuesday intern op 14th Jan Early"]
[Site "Chess.com INT"]
[Date "2025.01.14"]
[Round "6"]
[White "Shafer, Logan Clark"]
[Black "Quirke, Jeffrey"]
[Result "1-0"]
[WhiteElo "2202"]
[BlackElo "2036"]
[PlyCount "101"]
[EventDate "2025.01.14"]
[EventType "swiss (blitz)"]
[EventRounds "11"]
[EventCountry "USA"]
[SourceTitle "CB04_2025"]
[SourceDate "2025.01.22"]
[SourceVersion "1"]
[SourceVersionDate "2025.01.22"]
[SourceQuality "1"]

1. e4 c5 2. Nc3 Nc6 3. Bb5 Nd4 4. Nf3 a6 5. Bd3 Qb6 6. Nd5 Qd8 7. c3 Nxf3+ 8. Qxf3 e6 9. Ne3 Nf6 10. 0-0 d6 11. Bc2 Be7 12. d4 cxd4 13. cxd4 0-0 14. Rd1 Qc7 15. Qe2 b5 16. f3 Bb7 17. Bd2 Rac8 18. Rac1 Qb8 19. Ba5 Rfe8 20. Bb3 Qa7 21. Qd2 h6 22. Kh1 Bf8 23. a4 g6 24. axb5 axb5 25. Bb4 Red8 26. Ra1 Qb8 27. Rdc1 Rxc1+ 28. Rxc1 Rc8 29. Kg1 Rxc1+ 30. Qxc1 Qc8 31. Qxc8 Bxc8 32. Kf2 Nd7 33. Ke2 Nb6 34. Kd3 Na4 35. Kc2 Bd7 36. d5 e5 37. Bxa4 bxa4 38. Nc4 Bb5 39. Kc3 f5 40. Nxd6 Bxd6 41. Bxd6 fxe4 42. fxe4 Bf1 43. g3 Bg2 44. Kd3 Kf7 45. Bxe5 h5 46. Bc3 Ke7 47. Kd4 Kd7 48. e5 Ke7 49. Bb4+ Kd7 50. e6+ Ke8 51. Ke5 1-0

[Event "Titled Tuesday intern op 26th Nov Late"]
[Site "Chess.com INT"]
[Date "2024.11.26"]
[Round "9"]
[White "Lopez Abreu, Michel Samuel"]
[Black "Quirke, Jeffrey"]
[Result "0-1"]
[WhiteElo "2038"]
[BlackElo "1992"]
[PlyCount "58"]
[EventDate "2024.11.26"]
[EventType "swiss (blitz)"]
[EventRounds "11"]
[EventCountry "USA"]
[SourceTitle "CB49_2024"]
[SourceDate "2024.12.04"]
[SourceVersion "1"]
[SourceVersionDate "2024.12.04"]
[SourceQuality "1"]

1. e4 c5 2. Nc3 Nc6 3. Bb5 g6 4. f4 Bg7 5. Nf3 Nd4 6. 0-0 a6 7. Be2 Nf6 8. d3 d6 9. a4 0-0 10. h3 b6 11. Be3 Nd7 12. Qd2 Rb8 13. Bd1 Re8 14. Ng5 b5 15. axb5 axb5 16. Qf2 Rf8 17. f5 Ne5 18. Qh4 h6 19. Nf3 Nexf3+ 20. Bxf3 g5 21. Qe1 Nxc2 22. Qe2 Nxa1 23. Rxa1 b4 24. Nd5 e6 25. f6 Bxf6 26. Nxf6+ Qxf6 27. Bh5 Bb7 28. Rf1 Qg7 29. h4 f5 0-1

[Event "Titled Tuesday intern op 26th Nov Late"]
[Site "Chess.com INT"]
[Date "2024.11.26"]
[Round "11"]
[White "Quirke, Jeffrey"]
[Black "Oliveira, Tiago Batista"]
[Result "1-0"]
[WhiteElo "1992"]
[BlackElo "2010"]
[PlyCount "101"]
[EventDate "2024.11.26"]
[EventType "swiss (blitz)"]
[EventRounds "11"]
[EventCountry "USA"]
[SourceTitle "CB49_2024"]
[SourceDate "2024.12.04"]
[SourceVersion "1"]
[SourceVersionDate "2024.12.04"]
[SourceQuality "1"]

1. e4 e5 2. Nf3 Qe7 3. Bc4 g6 4. 0-0 Bg7 5. c3 Nf6 6. Re1 0-0 7. d4 d6 8. Nbd2 Nc6 9. d5 Nb8 10. Bf1 Nbd7 11. c4 a5 12. Nb1 Nc5 13. Nc3 Ne8 14. Nd2 f5 15. f3 f4 16. b3 g5 17. a3 Nf6 18. Rb1 h5 19. b4 axb4 20. axb4 Ncd7 21. Nb3 g4 22. c5 Rf7 23. cxd6 cxd6 24. Nb5 Bf8 25. Nc7 Ra2 26. Ne6 Nb6 27. Rb2 Rxb2 28. Bxb2 Bxe6 29. dxe6 Qxe6 30. Na5 Qa2 31. Qb3 Qxb3 32. Nxb3 Kg7 33. Rc1 h4 34. Na5 h3 35. fxg4 hxg2 36. Kxg2 Nxg4 37. Bb5 Ne3+ 38. Kf3 Kf6 39. Rg1 Rg7 40. Rxg7 Bxg7 41. Nxb7 Nec4 42. Bc1 d5 43. exd5 Kf5 44. d6 e4+ 45. Kf2 Bd4+ 46. Ke1 Ne3 47. Bxe3 Bxe3 48. d7 Nxd7 49. Bxd7+ Ke5 50. Bc6 Bb6 51. Nc5 1-0

[Event "Titled Tuesday intern op 26th Nov Late"]
[Site "Chess.com INT"]
[Date "2024.11.26"]
[Round "8"]
[White "Quirke, Jeffrey"]
[Black "Sobek, Jaroslav"]
[Result "1-0"]
[WhiteElo "1992"]
[BlackElo "2184"]
[PlyCount "47"]
[EventDate "2024.11.26"]
[EventType "swiss (blitz)"]
[EventRounds "11"]
[EventCountry "USA"]
[SourceTitle "CB49_2024"]
[SourceDate "2024.12.04"]
[SourceVersion "1"]
[SourceVersionDate "2024.12.04"]
[SourceQuality "1"]

1. e4 c5 2. Nf3 d6 3. d4 cxd4 4. Qxd4 Bd7 5. c4 Nc6 6. Qd2 Nf6 7. Nc3 g6 8. b3 Bg7 9. Bb2 0-0 10. Be2 a6 11. 0-0 Bg4 12. h3 Bxf3 13. Bxf3 Qa5 14. Rfd1 Nd4 15. Qxd4 b5 16. cxb5 axb5 17. Qd2 Rfd8 18. Nd5 Qxd2 19. Rxd2 Nxd5 20. exd5 Bxb2 21. Rxb2 Rdc8 22. a4 bxa4 23. bxa4 Rc4 24. a5 1-0

[Event "Chesterfield SPICE Cup op 18th"]
[Site "Chesterfield"]
[Date "2024.10.18"]
[Round "9"]
[White "Quirke, Jeffrey"]
[Black "Van Meter, Lester"]
[Result "1-0"]
[WhiteElo "1971"]
[BlackElo "1868"]
[PlyCount "83"]
[EventDate "2024.10.13"]
[EventType "swiss"]
[EventRounds "9"]
[EventCountry "USA"]
[SourceTitle "CB43_2024"]
[Source "Chessbase"]
[SourceDate "2024.10.23"]
[SourceVersion "1"]
[SourceVersionDate "2024.10.23"]
[SourceQuality "1"]

1. d4 c5 2. d5 Nf6 3. c4 e6 4. Nc3 exd5 5. cxd5 d6 6. e4 g6 7. Bd3 Bg7 8. h3 0-0 9. Nf3 Re8 10. 0-0 Nbd7 11. Re1 Ne5 12. Nxe5 Rxe5 13. f4 Re8 14. Qf3 Nd7 15. Bd2 a6 16. a4 Rb8 17. Rab1 Qc7 18. b3 b6 19. Bc4 Bb7 20. Qd3 Qc8 21. Re2 Bd4+ 22. Kh2 Nf6 23. Rbe1 Qd8 24. Bxa6 Bxa6 25. Qxa6 Bxc3 26. Bxc3 b5 27. Ba1 Nh5 28. g3 bxa4 29. bxa4 Ra8 30. Qb5 f6 31. Bc3 Qe7 32. a5 Reb8 33. Qc4 Qd8 34. e5 fxe5 35. fxe5 Qg5 36. Qg4 Qxg4 37. hxg4 Nxg3 38. Kxg3 Rb3 39. Re3 dxe5 40. Bxe5 Rxe3+ 41. Rxe3 Rxa5 42. Bc7 1-0

[Event "Chesterfield SPICE Cup op 18th"]
[Site "Chesterfield"]
[Date "2024.10.15"]
[Round "5"]
[White "Quirke, Jeffrey"]
[Black "Shepherd, Duncan"]
[Result "1/2-1/2"]
[WhiteElo "1971"]
[BlackElo "2038"]
[PlyCount "83"]
[EventDate "2024.10.13"]
[EventType "swiss"]
[EventRounds "9"]
[EventCountry "USA"]
[SourceTitle "CB43_2024"]
[Source "Chessbase"]
[SourceDate "2024.10.23"]
[SourceVersion "1"]
[SourceVersionDate "2024.10.23"]
[SourceQuality "1"]

1. d4 d5 2. c4 e6 3. Nc3 Nf6 4. cxd5 Nxd5 5. e4 Nxc3 6. bxc3 c5 7. Rb1 Be7 8. Nf3 0-0 9. Bc4 Qc7 10. Qe2 b6 11. 0-0 Bb7 12. Rd1 Nd7 13. Bd3 e5 14. d5 Rac8 15. c4 Qd6 16. Ne1 g6 17. g3 f5 18. f4 fxe4 19. Qxe4 Rce8 20. Nf3 Bf6 21. Re1 Re7 22. f5 gxf5 23. Qxf5 Bh8 24. Qg4+ Bg7 25. Ng5 Nf6 26. Qh4 e4 27. Nxe4 Nxe4 28. Rxe4 Bd4+ 29. Be3 Rxe4 30. Qxe4 Bxe3+ 31. Qxe3 Bc8 32. Rf1 Rxf1+ 33. Bxf1 Bd7 34. Bd3 Qf6 35. Qe4 Qa1+ 36. Kf2 Qxa2+ 37. Kf3 Qxh2 38. Qe5 Qh1+ 39. Kf4 Qc1+ 40. Kf3 Qh1+ 41. Kf4 Qc1+ 42. Kf3 1/2-1/2

[Event "Chesterfield SPICE Cup op 18th"]
[Site "Chesterfield"]
[Date "2024.10.14"]
[Round "3"]
[White "Quirke, Jeffrey"]
[Black "Guo, Ethan"]
[Result "1/2-1/2"]
[WhiteElo "1971"]
[BlackElo "2190"]
[PlyCount "47"]
[EventDate "2024.10.13"]
[EventType "swiss"]
[EventRounds "9"]
[EventCountry "USA"]
[SourceTitle "CB43_2024"]
[Source "Chessbase"]
[SourceDate "2024.10.23"]
[SourceVersion "1"]
[SourceVersionDate "2024.10.23"]
[SourceQuality "1"]

1. d4 Nf6 2. c4 g6 3. Nc3 d5 4. cxd5 Nxd5 5. e4 Nxc3 6. bxc3 Bg7 7. Nf3 c5 8. Be3 Bg4 9. Rc1 0-0 10. Be2 Qa5 11. Qd2 e6 12. d5 exd5 13. exd5 Nd7 14. c4 Qxd2+ 15. Kxd2 b6 16. h3 Bxf3 17. Bxf3 Rad8 18. g3 Ne5 19. Bg2 Nc6 20. Rhe1 Nd4 21. Bxd4 Bxd4 22. Re2 Rfe8 23. Rce1 Kf8 24. Rxe8+ 1/2-1/2

[Event "Northeast Ohio op"]
[Site "Twinsburg"]
[Date "2024.09.21"]
[Round "2"]
[White "Quirke, Jeffrey"]
[Black "Broihier, Ian"]
[Result "1/2-1/2"]
[WhiteElo "1980"]
[BlackElo "1893"]
[PlyCount "100"]
[EventDate "2024.09.20"]
[EventType "swiss"]
[EventRounds "5"]
[EventCountry "USA"]
[SourceTitle "EXT 2025"]
[Source "ChessBase"]
[SourceDate "2024.10.14"]
[SourceVersion "1"]
[SourceVersionDate "2024.10.14"]
[SourceQuality "1"]

1. d4 d5 2. c4 dxc4 3. e4 Nc6 4. Nf3 Nf6 5. Nc3 Bg4 6. d5 Ne5 7. Bf4 Nfd7 8. Be2 Bxf3 9. gxf3 e6 10. Bg3 exd5 11. exd5 Bd6 12. f4 Nd3+ 13. Bxd3 cxd3 14. Qxd3 0-0 15. 0-0-0 Rc8 16. Ne4 Nc5 17. Nxc5 Bxc5 18. f5 Bd6 19. Kb1 Qf6 20. Rc1 Rcd8 21. Rc4 Bxg3 22. hxg3 c6 23. Rd4 Rd6 24. Rd1 Rfd8 25. Qe4 Kf8 26. R4d3 Qe7 27. f3 Qxe4 28. fxe4 Ke7 29. Kc2 Kf6 30. dxc6 Rxd3 31. Rxd3 Rxd3 32. Kxd3 bxc6 33. Kd4 Kg5 34. b4 Kg4 35. a4 f6 36. Kc5 Kxg3 37. Kxc6 h5 38. b5 h4 39. a5 h3 40. b6 axb6 41. axb6 h2 42. b7 h1Q 43. b8Q+ Kg4 44. Kd5 Qd1+ 45. Ke6 Qd3 46. Qb4 Kf3 47. e5 fxe5 48. Kxe5 Qe3+ 49. Kd5 Qd3+ 50. Ke6 Qe4+ 1/2-1/2

[Event "Titled Tuesday intern op 17th Sep Late"]
[Site "Chess,com INT"]
[Date "2024.09.17"]
[Round "9"]
[White "Quirke, Jeffrey"]
[Black "Saim, Mohamed Ilias"]
[Result "1-0"]
[WhiteElo "1980"]
[BlackElo "2169"]
[PlyCount "79"]
[EventDate "2024.09.17"]
[EventType "swiss (blitz)"]
[EventRounds "11"]
[EventCountry "USA"]
[SourceTitle "EXT 2025"]
[Source "ChessBase"]
[SourceDate "2024.10.14"]
[SourceVersion "1"]
[SourceVersionDate "2024.10.14"]
[SourceQuality "1"]

1. e4 c6 2. Nf3 d5 3. d3 dxe4 4. dxe4 Qxd1+ 5. Kxd1 Bg4 6. Be2 Nd7 7. Ne1 Bxe2+ 8. Kxe2 Nc5 9. f3 e5 10. Be3 0-0-0 11. Nd2 Nf6 12. Nd3 Nxd3 13. cxd3 Rd7 14. Bxa7 Bb4 15. Nb3 b5 16. Be3 Rhd8 17. Rhd1 Kb7 18. a3 Be7 19. Rac1 Rc7 20. d4 exd4 21. Nxd4 Nd7 22. Bf4 Rcc8 23. Nf5 Bf8 24. Nd6+ Bxd6 25. Bxd6 Nb6 26. b3 Rd7 27. Bc5 Rcd8 28. Rxd7+ Rxd7 29. Rd1 Rc7 30. Be3 Nd7 31. f4 Nf6 32. Kf3 Re7 33. e5 Nd5 34. Bc5 Rd7 35. g4 g6 36. f5 gxf5 37. gxf5 Ka6 38. Rd4 Rd8 39. Rh4 Re8 40. Bd6 1-0

[Event "Titled Tuesday intern op 27th Aug Late"]
[Site "Chess.com INT"]
[Date "2024.08.27"]
[Round "1"]
[White "Quirke, Jeffrey"]
[Black "Novosel, Lovro"]
[Result "0-1"]
[WhiteElo "1994"]
[BlackElo "2349"]
[PlyCount "56"]
[EventDate "2024.08.27"]
[EventType "swiss (blitz)"]
[EventRounds "11"]
[EventCountry "USA"]
[SourceTitle "EXT 2025"]
[Source "ChessBase"]
[SourceDate "2024.10.14"]
[SourceVersion "1"]
[SourceVersionDate "2024.10.14"]
[SourceQuality "1"]

1. e4 c5 2. Nc3 a6 3. a4 Nc6 4. f4 g6 5. Nf3 Bg7 6. Bc4 e6 7. d3 Nge7 8. 0-0 0-0 9. f5 d5 10. Ba2 exf5 11. Nxd5 Nxd5 12. exd5 Nb4 13. c4 Re8 14. Bg5 Qb6 15. Qd2 Bd7 16. Bb1 a5 17. h4 h5 18. Bf4 Qf6 19. d4 cxd4 20. Bd3 Qb6 21. b3 Re3 22. Bxe3 dxe3 23. Qe2 Bxa1 24. Rxa1 f4 25. Ne5 Qd4 26. Nxd7 Qxa1+ 27. Kh2 Qd4 28. Bb1 Rd8 0-1

[Event "Titled Tuesday intern op 23rd Jul Late"]
[Site "Chess.com INT"]
[Date "2024.07.23"]
[Round "6"]
[White "Howell, David"]
[Black "Quirke, Jeffrey"]
[Result "1-0"]
[WhiteElo "2675"]
[BlackElo "1979"]
[PlyCount "57"]
[EventDate "2024.07.23"]
[EventType "swiss (blitz)"]
[EventRounds "11"]
[EventCountry "USA"]
[SourceTitle "EXT 2025"]
[Source "ChessBase"]
[SourceDate "2024.10.14"]
[SourceVersion "1"]
[SourceVersionDate "2024.10.14"]
[SourceQuality "1"]

1. e4 c5 2. Nf3 Nc6 3. d4 cxd4 4. Nxd4 e5 5. Ne2 Nf6 6. Nbc3 Bc5 7. Ng3 d6 8. h3 h6 9. Bd3 Be6 10. 0-0 0-0 11. Na4 Bb4 12. a3 Ba5 13. b4 Bc7 14. Bb2 d5 15. Nc5 Bc8 16. exd5 Qxd5 17. Nh5 Qd8 18. Nxf6+ Qxf6 19. f4 Qe7 20. f5 f6 21. Kh1 b6 22. Bc4+ Kh8 23. Ne6 Bxe6 24. Bxe6 Rfd8 25. Qc1 Nd4 26. Bc4 b5 27. Ba2 Bb6 28. c3 Ne2 29. Qe1 1-0

[Event "Titled Tuesday intern op 23rd Jul Late"]
[Site "Chess.com INT"]
[Date "2024.07.23"]
[Round "9"]
[White "Mazurkiewicz, Michal"]
[Black "Quirke, Jeffrey"]
[Result "1-0"]
[WhiteElo "2224"]
[BlackElo "1979"]
[PlyCount "91"]
[EventDate "2024.07.23"]
[EventType "swiss (blitz)"]
[EventRounds "11"]
[EventCountry "USA"]
[SourceTitle "EXT 2025"]
[Source "ChessBase"]
[SourceDate "2024.10.14"]
[SourceVersion "1"]
[SourceVersionDate "2024.10.14"]
[SourceQuality "1"]

1. e4 c5 2. Nf3 Nc6 3. g3 g6 4. Bg2 Bg7 5. 0-0 e5 6. d3 Nge7 7. Nc3 0-0 8. Nd2 d6 9. Nc4 Be6 10. Nd5 b5 11. Nce3 a5 12. a4 b4 13. Nc4 Rb8 14. f4 f6 15. Be3 Nd4 16. c3 bxc3 17. bxc3 Bxd5 18. exd5 Ndf5 19. Bd2 Nh6 20. Rb1 Qc7 21. fxe5 fxe5 22. Rxf8+ Rxf8 23. Rb5 Ra8 24. Qb3 Ng4 25. Rb7 Qd8 26. h3 Nf6 27. Bg5 h6 28. Bxf6 Bxf6 29. Qb6 Qxb6 30. Rxb6 Nc8 31. Rb5 e4 32. Bxe4 Bxc3 33. Bxg6 Ne7 34. Be4 Rf8 35. Rb1 Be5 36. Kg2 Nf5 37. Nxe5 dxe5 38. Bxf5 Rxf5 39. Rb5 Rf7 40. Rxc5 Rd7 41. Rxa5 Kf7 42. Kf3 Kf6 43. Ke4 Rg7 44. Ra6+ Kg5 45. Kxe5 Re7+ 46. Kd4 1-0

[Event "Titled Tuesday intern op 23rd Jul Late"]
[Site "Chess.com INT"]
[Date "2024.07.23"]
[Round "10"]
[White "Quirke, Jeffrey"]
[Black "Lima, Valdenicio Marcelin"]
[Result "0-1"]
[WhiteElo "1979"]
[BlackElo "1971"]
[PlyCount "96"]
[EventDate "2024.07.23"]
[EventType "swiss (blitz)"]
[EventRounds "11"]
[EventCountry "USA"]
[SourceTitle "EXT 2025"]
[Source "ChessBase"]
[SourceDate "2024.10.14"]
[SourceVersion "1"]
[SourceVersionDate "2024.10.14"]
[SourceQuality "1"]

1. e4 c5 2. Nc3 Nc6 3. f4 g6 4. Nf3 Bg7 5. a4 e6 6. e5 d6 7. Bb5 dxe5 8. Bxc6+ bxc6 9. fxe5 Ba6 10. d3 c4 11. d4 Ne7 12. Ne4 0-0 13. Nc5 Qc8 14. 0-0 c3 15. Nxa6 cxb2 16. Bxb2 Qxa6 17. Ba3 Rfe8 18. Qd3 Qxd3 19. cxd3 Nf5 20. Rfc1 Rac8 21. g4 Ne3 22. h3 Bh6 23. Rcb1 Nc2 24. Ra2 Be3+ 25. Kg2 Nxd4 26. Rb7 Nxf3 27. Kxf3 Bb6 28. Bd6 Red8 29. Ke4 c5 30. a5 c4 31. axb6 axb6 32. Rxb6 cxd3 33. Kxd3 f6 34. Kd4 Rd7 35. Rba6 Rcd8 36. Rd2 Kf7 37. Ke4 f5+ 38. gxf5 exf5+ 39. Kf4 Ke6 40. Rc2 h6 41. h4 Rg8 42. Rg2 Rdg7 43. Bc5+ Kd5 44. Bd6 Ke6 45. Kf3 g5 46. hxg5 hxg5 47. Ke3 Rg6 48. Kd4 Rd8 0-1